Systems Biology Properties of Reconstructed Networks (Record no. 23810)

000 -LEADER
fixed length control field 00378nam a22001217a 4500
008 - FIXED-LENGTH DATA ELEMENTS--GENERAL INFORMATION
fixed length control field 140128b xxu||||| |||| 00| 0 eng d
010 ## - LIBRARY OF CONGRESS CONTROL NUMBER
LC control number 2005035008
020 ## - INTERNATIONAL STANDARD BOOK NUMBER
International Standard Book Number 978052185903
Terms of availability Available
082 ## - DEWEY DECIMAL CLASSIFICATION NUMBER
Classification number 572.80285
Author Mark 001718
100 ## - MAIN ENTRY--PERSONAL NAME
Miscellaneous information HB,322
245 ## - TITLE STATEMENT
Title Systems Biology Properties of Reconstructed Networks
Statement of responsibility, etc. Palsson
Medium English
260 ## - PUBLICATION, DISTRIBUTION, ETC.
Place of publication, distribution, etc. New York
Name of publisher, distributor, etc. Cambridge University Press
Date of publication, distribution, etc. 2006
Holdings
Withdrawn status Lost status Source of classification or shelving scheme Damaged status Not for loan Permanent Location Current Location Shelving location Date acquired Total Checkouts Full call number Barcode Date last seen Date last checked out Price effective from Koha item type
          School of Interdisciplinary Engineering and Sciences (SINES) School of Interdisciplinary Engineering and Sciences (SINES) General Stacks 01/28/2014 1 572.80285 PAL RCMS001718 07/12/2016 07/12/2016 01/28/2014 Book
© 2023 Central Library, National University of Sciences and Technology. All Rights Reserved.